It looks like you're offline.
Open Library logo
additional options menu

MARC record from Internet Archive

LEADER: 04005cam 2200841 a 4500
001 ocm70708119
003 OCoLC
005 20181220014456.0
008 060718s2006 enka d 000 0 eng
006 m d
007 cr |||||||||||
010 $a 2006050333
040 $aDLC$beng$cDLC$dUKM$dBAKER$dBWKUK$dYDXCP$dAGL$dBTCTA$dMUQ$dLLB$dBTN$dDEBBG$dMYPMP$dZVM$dBDX$dOCLCF$dOCLCO$dOCLCQ$dOVY$dOCLCQ$dLIP$dNZAUC$dCNUTO$dWSB$dOCLCQ$dOCLCO$dGILDS
015 $aGBA649124$2bnb
016 7 $a013475279$2Uk
019 $a69483636$a931780408$a972865240$a973640597$a977500210
020 $a0198608918$q(pbk.)
020 $a9780198608912
020 $a0195670809
020 $a9780195670806
020 $a9780191726804$q(electronic book)
020 $a019172680X$q(electronic book)
024 3 $a9780198608912
035 $a(OCoLC)70708119$z(OCoLC)69483636$z(OCoLC)931780408$z(OCoLC)972865240$z(OCoLC)973640597$z(OCoLC)977500210
050 00 $aQK9$b.C67 2006
070 0 $aQK9$b.D53 2006
082 00 $a580.3$222
084 $aBIO 350b$2stub
245 02 $aA dictionary of plant sciences /$cedited by Michael Allaby.
246 3 $aPlant sciences
250 $aRev. ed.
260 $aOxford ;$aNew York :$bOxford University Press,$c2006.
300 $a510 pages :$billustrations ;$c20 cm.
336 $atext$btxt$2rdacontent
337 $aunmediated$bn$2rdamedia
338 $avolume$bnc$2rdacarrier
490 1 $aOxford paperback reference
520 1 $a"This wide-ranging and informative dictionary contains over 5,500 clear and concise entires on all aspects of botany. Invaluable to students, amateur botanists, and naturalists, it will also provide a useful reference tool for anyone with interests in agriculture, horticulture, physical geography, and related areas." "This book: covers plants, bacteria, fungi, lichens, and algae; comprehensive classification (approximately one-third of the entries are devoted to taxonomic groups from bacteria and fungi to the main groups of flowering and non-flowering plants; and multi-disciplinary coverage includes terms from biochemistry, plant physiology, cytology, ecology, genetics, evolution, biogeography, earth history, and the earth sciences."--Jacket.
505 0 $aPreface -- A dictionary of plant sciences -- Endangered plants -- The universal genetic code -- The geologic time-scale -- SI units.
650 0 $aBotany$vDictionaries.
650 6 $aBotanique$vDictionnaires anglais.
650 7 $aBotany.$2fast$0(OCoLC)fst00836869
650 7 $aBotanik$2gnd
655 4 $aWo rterbuch.
655 4 $aElectronic books.
655 7 $aDictionaries.$2fast$0(OCoLC)fst01423826
655 7 $aWo rterbuch.$2swd
655 7 $aDictionaries.$2lcgft
700 1 $aAllaby, Michael.
830 0 $aOxford paperback reference.
856 41 $3Oxford Reference Online$uhttp://www.oxfordreference.com/view/10.1093/acref/9780198608912.001.0001/acref-9780198608912
856 41 $3Table of contents$uhttp://catdir.loc.gov/catdir/enhancements/fy0626/2006050333-t.html
856 42 $3Contributor biographical information$uhttp://catdir.loc.gov/catdir/enhancements/fy0724/2006050333-b.html
856 42 $3Publisher description$uhttp://catdir.loc.gov/catdir/enhancements/fy0724/2006050333-d.html
938 $aBaker & Taylor$bBKTY$c19.95$d14.96$i0198608918$n0006767224$sactive
938 $aBrodart$bBROD$n05608511$c$19.95
938 $aBaker and Taylor$bBTCP$n2006050333
938 $aYBP Library Services$bYANK$n100433666
029 1 $aAU@$b000040594620
029 1 $aCHNEW$b000580376
029 1 $aCHVBK$b035801808
029 1 $aDEBBG$bBV021662271
029 1 $aNLGGC$b389533289
029 1 $aNZ1$b11024546
029 1 $aNZ1$b12334657
029 1 $aNZ1$b14678052
029 1 $aUKPMH$b0198608918
029 1 $aUKPMH$b106952625
029 1 $aUKSCO$b106952625
029 1 $aUNITY$b106952625
029 1 $aYDXCP$b100433666
994 $aZ0$bP4A
948 $hHELD BY P4A - 285 OTHER HOLDINGS